Nghiên cứu vai trò của phụ nữ trong xây dựng nông thôn mới ở tỉnh Hậu Giang : Báo cáo tổng kết đề tài khoa học và công nghệ cấp Trường

Đánh giá thực trạng tham gia của phụ nữ xây dựng NTM ở tỉnh Hậu Giang, thúc đẩy sự tham gia của phụ nữ trong phát triển kinh tế- xã hội và chương trình xây dựng NTM. Phương pháp, nội dung và phương hướng thúc đẩy phụ nữ tham gia xây dựng N...

Full beskrivning

Sparad:
Bibliografiska uppgifter
Huvudupphovsman: Nguyễn, Thùy Trang
Materialtyp: Bok
Språk:Undetermined
Publicerad: Cần Thơ Trường Đại học Cần Thơ 2015
Ämnen:
Taggar: Lägg till en tagg
Inga taggar, Lägg till första taggen!
Thư viện lưu trữ: Trung tâm Học liệu Trường Đại học Cần Thơ
LEADER 01336nam a2200229Ia 4500
001 CTU_210508
008 210402s9999 xx 000 0 und d
082 |a 305.482 
082 |b Tr106 
088 |a T2015-82 
100 |a Nguyễn, Thùy Trang 
245 0 |a Nghiên cứu vai trò của phụ nữ trong xây dựng nông thôn mới ở tỉnh Hậu Giang : 
245 0 |b Báo cáo tổng kết đề tài khoa học và công nghệ cấp Trường 
245 0 |c Nguyễn Thùy Trang (chủ nhiệm đề tài) 
260 |a Cần Thơ 
260 |b Trường Đại học Cần Thơ 
260 |c 2015 
520 |a Đánh giá thực trạng tham gia của phụ nữ xây dựng NTM ở tỉnh Hậu Giang, thúc đẩy sự tham gia của phụ nữ trong phát triển kinh tế- xã hội và chương trình xây dựng NTM. Phương pháp, nội dung và phương hướng thúc đẩy phụ nữ tham gia xây dựng NTM ở tỉnh Hậu Giang. 
650 |a Women in society,Women in the labor movement,Phụ nữ trong xã hội,Phụ nữ trong phong trào lao động 
904 |i Nguyễn Văn Môi,Qhieu 
915 |a PT 
980 |a Trung tâm Học liệu Trường Đại học Cần Thơ